RFBT( Regulatory framework for business transaction) MCQ (multiple choice questions): (Record no. 73)

MARC details
000 -LEADER
fixed length control field 00731nam a22002057a 4500
003 - CONTROL NUMBER IDENTIFIER
control field OSt
005 - DATE AND TIME OF LATEST TRANSACTION
control field 20240530005407.0
008 - FIXED-LENGTH DATA ELEMENTS--GENERAL INFORMATION
fixed length control field 240530b |||||||| |||| 00| 0 eng d
020 ## - INTERNATIONAL STANDARD BOOK NUMBER
International Standard Book Number 9786219524230
040 ## - CATALOGING SOURCE
Original cataloging agency DWC- Main Lib
Transcribing agency OC
082 ## - DEWEY DECIMAL CLASSIFICATION NUMBER
Classification number Fil. 657.4507 D671r 2017
100 ## - MAIN ENTRY--PERSONAL NAME
Personal name Domingo, Andrix D.
245 ## - TITLE STATEMENT
Title RFBT( Regulatory framework for business transaction) MCQ (multiple choice questions):
Remainder of title CPA Reviewer/
Statement of responsibility, etc. Andrix D. Domingo.
250 ## - EDITION STATEMENT
Edition statement 2017 edition
260 ## - PUBLICATION, DISTRIBUTION, ETC.
Place of publication, distribution, etc. Benguet, Philippines :
Name of publisher, distributor, etc. Coaching for results publishing,
Date of publication, distribution, etc. c2017.
300 ## - PHYSICAL DESCRIPTION
Extent 1007 pages :
Other physical details illustrations ;
Dimensions 23cm.
650 ## - SUBJECT ADDED ENTRY--TOPICAL TERM
Topical term or geographic name entry element 1. Accounting- Examination – Study guide
650 ## - SUBJECT ADDED ENTRY--TOPICAL TERM
Topical term or geographic name entry element 2. Business Law
942 ## - ADDED ENTRY ELEMENTS (KOHA)
Source of classification or shelving scheme Dewey Decimal Classification
Koha item type Book-Filipiniana
Edition 2017 edition
Suppress in OPAC Yes
Holdings
Withdrawn status Lost status Source of classification or shelving scheme Damaged status Not for loan Home library Current library Date acquired Source of acquisition Cost, normal purchase price Total Checkouts Full call number Barcode Date last seen Copy number Price effective from Koha item type Uniform Resource Identifier
    Dewey Decimal Classification     College Library College Library 02/19/2020 School Fund 690.00   Fil. 657.4507 D671r 2017 52507 05/30/2024 c1 05/30/2024 BK - FIL